| 000 | 00562nam a22001937a 4500 | ||
|---|---|---|---|
| 003 | dpl | ||
| 005 | 20180717183734.0 | ||
| 008 | 180717b xxu||||| |||| 00| 0 eng d | ||
| 020 | _c0.00 | ||
| 035 | _aA-934401 | ||
| 040 |
_aDPL _bEN _c0 |
||
| 082 | _a954.022 | ||
| 100 | _aSangar, Satya Prakash | ||
| 245 |
_aCrime and Punishment in mughal India/ _cby Satya Prakash Sangar |
||
| 260 |
_aNew Delhi _bReliance publishing house _c1998 |
||
| 300 |
_a257p.: _c21cm. |
||
| 500 | _aincludes index, bibliography | ||
| 942 |
_2ddc _cEN _h954.022 _mSAN |
||
| 999 |
_c154232 _d154232 |
||